| 000 | 00495nam a22001697a 4500 | ||
|---|---|---|---|
| 005 | 20251108165851.0 | ||
| 008 | 250721s1998 xx 000 0 ara d | ||
| 082 | 1 | 4 | _aق/عبد |
| 100 | 1 | _aعبد الواحد، حسين | |
| 245 | 1 | 0 |
_aإعترافات عفريت : _bالتفسير العلمي للخرافة / |
| 264 |
_bدار أخبار اليوم، _c1998. |
||
| 300 | _a160ص | ||
| 650 | 1 | 7 | _aالسحر |
| 650 | 1 | 7 | _aالقصص العربية |
| 942 |
_2ddc _cBK |
||
| 999 |
_c33360 _d33360 |
||